Đang tải...

Moral and political writings of Mahatma Gandhi. 3v : Truth and nonviolence /

Chi tiết về thư mục
Tác giả khác: Raghvan Iyer (Biên tập viên)
Ngôn ngữ:Undetermined
Được phát hành: Clarendon Press : Oxford , 1986.
Những chủ đề:
LEADER 00569nam a2200169Ia 4500
001 7455
008 170722s9999 xx 000 0 und d
245 |a Moral and political writings of Mahatma Gandhi. 3v :  |b Truth and nonviolence / 
260 |a Clarendon Press :  |b Oxford ,  |c 1986. 
300 |a xviii+625  |c 22cms 
500 |a 2 
653 |a Collected Works 
653 |a Gandhiana 
700 |a Raghvan Iyer  |e editor. 
942 |c GEN 
999 |c 107181  |d 107181 
952 |0 0  |1 0  |4 0  |6 ZGX_M6_2_000000000000000  |7 0  |9 151123  |a LIB  |b LIB  |d 2013-03-25  |o zGx M6.2  |p 203465  |r 2017-08-12  |w 2017-08-12  |y GEN